000 00718nam a2200289Ia 4500
005 20260324120713.0
008 008 260324s9999 xx 000 0 eng d
020 _a9781315882116
037 _aEBOOK
040 _aCRL
040 _beng
040 _cCRL
041 _2eng
041 _aeng
084 _qCRL
100 _aSari Hanafi; Leila Hilal; Lex Takkenberg
_91159634
245 0 _aUNRWA and Palestinian Refugees
245 0 _bFrom Relief and Works to Human Development
260 _bTaylor and Francis
260 _c2014
365 _a
365 _b240
856 _uhttp://www.taylorfrancis.com/books/9781315882116
942 _cEBOOK
999 _c1751305
_d1751305